Insectes par images - Clic Quiz - Statistiques

Statistiques générales
  • Ce quiz a été pris 2 530 fois
  • Le résultat moyen est 19 sur 25
Statistiques - réponses
Hint Extra Hint Réponse % Correct
Fourmi noire
Lasius niger
93%
Coccinelle
Coccinella septempunctata
93%
Mouche domestique
Musca domestica
93%
Grande sauterelle
Tettigonia viridissima
90%
Papillon (Belle-Dame)
Vanessa cardui
90%
Abeille
Apis mellifera
90%
Mante réligieuse
Mantis religiosa
89%
Gendarme
Pyrrhocoris apterus
88%
Guêpe
Vespula germanica
88%
Phasme morose
Carausius morosus
87%
Libellule
Anax imperator
87%
Moustique
Aedes aegypti
86%
Perce-oreille
Forficula auricularia
80%
Poisson d'argent
Lepisma saccharinum
80%
Blatte
Periplaneta americana
78%
Punaise
Palomena prasina
76%
Puce
Ctenocephalides canis
74%
Bousier commun (Géotrupe des bois)
Anoplotrupes stercorosus
71%
Cigale grise
Cicada orni
66%
Termite
Coptotermes formosanus
62%
Lucane cerf-volant
Lucanus cervus
55%
Mite des vêtements
Tineola bisselliella
53%
Pou de tête
Pediculus humanus capitis
52%
Éphémère
Rhithrogena germanica
46%
Tipule potagère
Tipula oleracea
34%
Aucun quiz correspondant
Distribution des résultats
% des personnes avec chaque résultat
Percentile par nombre de réponses
Votre historique - résultats
Vous n’avez pas pris ce quiz